Normal view MARC view
  • Project Supervisor: Dr Usman Ali Co Supervisor: Dr Taosif Iqbal

Entry Corporate Name

Number of records used in: 1

001 - CONTROL NUMBER

  • control field: 130872

003 - CONTROL NUMBER IDENTIFIER

  • control field: NUST

005 - DATE AND TIME OF LATEST TRANSACTION

  • control field: 20251003171013.0

008 - FIXED-LENGTH DATA ELEMENTS

  • fixed length control field: 251003|| aca||aabn | a|a d

040 ## - CATALOGING SOURCE

  • Original cataloging agency: NUST
  • Transcribing agency: NUST

110 ## - HEADING--CORPORATE NAME

  • Corporate name or jurisdiction name as entry element: Project Supervisor: Dr Usman Ali Co Supervisor: Dr Taosif Iqbal

670 ## - SOURCE DATA FOUND

  • Source citation: Work cat.: (NUST): Hamid Ali Mois Shabbir Abdul Mateen Muhammad Ahmer 130871, PR-SOF-2542-DC TO DC Converter (Booster) Controller Design on FPGA, 2025.
© 2023 Central Library, National University of Sciences and Technology. All Rights Reserved.